Αι Γιουγκοσλαυικαί μειονότητες του εξωτερικού
Αποθηκεύτηκε σε:
| Κύριος συγγραφέας: | |
|---|---|
| Μορφή: | Βιβλίο |
| Γλώσσα: | Greek |
| Δημοσίευση: |
Αθήνα :
αδελφοί Λιναρδάτου,
1949.
|
| Θέματα: | |
| Ετικέτες: |
Προσθήκη ετικέτας
Δεν υπάρχουν, Καταχωρήστε ετικέτα πρώτοι!
|
MARC
| LEADER | 00000cam a2200000 i 4500 | ||
|---|---|---|---|
| 001 | 1/98489 | ||
| 008 | 950314s1949 gr | ||| |||| ||gre|| | ||
| 035 | |l 10010952 | ||
| 040 | |a GR-MY-UA |b gre |e aacr | ||
| 041 | 0 | |a gre | |
| 082 | 0 | |a 949.702 |2 (22) | |
| 100 | 1 | |a Trinegorskii, L. | |
| 245 | 1 | 3 | |a Αι Γιουγκοσλαυικαί μειονότητες του εξωτερικού / |c Τριενεγκόρσκυ. |
| 260 | |a Αθήνα : |b αδελφοί Λιναρδάτου, |c 1949. | ||
| 300 | |a 181 σ. ; |b πιν., χάρτες. | ||
| 650 | 0 | 0 | |a Minorities |z Yugoslavia. |
| 651 | 0 | |a Yugoslavia |x History |y 1919-1953. | |
| 651 | 0 | |a Yugoslavia |x Politics and government |y 1919-1953. | |
| 852 | |a INST |b LESVOS |e 19950314 |h 949.702 TRI |p 005100002388 |q 005100002388 |t BK |y 0 | ||
| 909 | |a Λ |b 038216 | ||
| 970 | |z 2000/05/ΟΙΚΟΝΟΜΟΠΟΥΛΟΥ ΧΡΙΣΤΙΝΑ | ||